|
|
|
|
| LEADER |
00634nam a22001932a 4500 |
| 001 |
000783202 |
| 003 |
CZ BrMZK |
| 005 |
20050720111602.0 |
| 007 |
ta |
| 008 |
050720s1969 xr er|||||||||||pol d |
| 040 |
|
|
|a BOA001
|b cze
|
| 100 |
1 |
|
|a Przeczek, Gustav,
|d 1913-1974
|7 jk01101480
|4 aut
|
| 245 |
1 |
0 |
|a Tajemnica pieczary /
|c Gustaw Przeczek
|
| 260 |
|
|
|a Praga :
|b Państwowe wydawnictwo pedagogiczne,
|c 1969
|
| 300 |
|
|
|a 80 s.
|
| 500 |
|
|
|a Příloha k časopisu Ogniwo, rocz. 25, 1969-1970.
|
| 910 |
|
|
|a BOA001
|b PK-A-0012.876
|
| 990 |
|
|
|a BK
|
| 996 |
6 |
|
|b BC-223777
|c PK-A-0012.876
|l MZK
|r Sklad / do 1 hodiny
|n 0
|w 000783202
|u 000010
|a 1
|e BOA001
|j MZK50
|s P
|